000 00904nam0a2200301 4500
001 RU\NLR\bibl\166114
005 20250618054957.0
021 _aRU
_b98-38670
_91853
035 _a(NLR Aleph) 000162942
090 _a937540
_c937540
100 _a20010627d1998 |||y0rusy50 ca
101 0 _arus
102 _aRU
105 _ay |||||||||
200 1 _aХлеб жизни
_e3 проповеди Я.Н. Пейсти
210 _aМ.
_cРус. Христиан. радио
_d[1998]
215 _a32 с.
_d14
300 _aНа обл.: XIX
606 0 _aПроповеди протестантские
_92079289
_3RU\NLR\auth\661255166
686 _aЭ376-462.2
700 1 _aПейсти
_bЯ. Н.
_4070
801 0 _aRU
_bNLR
_c20010627
_gPSBO
801 1 _aRU
_bNLR
_c20010627
852 _aNLR
_j99-1/848
942 _cBOOK
980 _aNB